| 000 | 00507nam a22001817a 4500 | ||
|---|---|---|---|
| 005 | 20240808124006.0 | ||
| 008 | 240808b |||||||| |||| 00| 0 eng d | ||
| 020 | _a978-81-203-4010-7 | ||
| 082 |
_a629.8 _bOGA-M |
||
| 100 | _aOgata, Katsuhiko | ||
| 245 |
_aModern Control Engineering / _cby Katsuhiko Ogata |
||
| 250 | _a5th ed. | ||
| 260 |
_aIndia : _bPHI Learning Pvt Ltd ; _c2010 . |
||
| 300 |
_ax, 894 p. : _c23 cm . |
||
| 500 | _ainclude index. | ||
| 650 | _aElectrical/Engineering | ||
| 999 |
_c36346 _d36346 |
||